LEADER 00844nam0-22003131i-450- 001 990001839270403321 005 20080208100354.0 035 $a000183927 035 $aFED01000183927 035 $a(Aleph)000183927FED01 035 $a000183927 100 $a20030910d1923----km-y0itay50------ba 101 0 $aita 102 $aIT 105 $ay-------001yy 200 1 $aEsperienze di concimazione sulla patata$fAugusto Mollo 210 $aNapoli$cOfficina Grafica Napoletana$d1923 215 $a8 p.$d24 cm 610 0 $aPatate 610 0 $aConcimazione 676 $a635.21 700 1$aMollo,$bAugusto$0357901 801 0$aIT$bUNINA$gRICA$2UNIMARC 901 $aBK 912 $a990001839270403321 952 $a60 MISC. B 18/35$fFAGBC 959 $aFAGBC 996 $aEsperienze di concimazione sulla patata$9414419 997 $aUNINA LEADER 00764nam0-22002771i-450- 001 990001869010403321 005 20040924120935.0 035 $a000186901 035 $aFED01000186901 035 $a(Aleph)000186901FED01 035 $a000186901 100 $a20030910d1931----km-y0itay50------ba 101 0 $aita 200 1 $aTartuficoltura e rimboschimenti$fF. Francolini 210 $aPiacenza$cFederazione Italiana dei Consorzi Agrari$d1931 215 $a60 p.$d21 cm 610 0 $aTuber 676 $a635.8 700 1$aFrancolini,$bF.$0358448 801 0$aIT$bUNINA$gRICA$2UNIMARC 901 $aBK 912 $a990001869010403321 952 $a60 MISC. B 147/3$fFAGBC 959 $aFAGBC 996 $aTartuficoltura e rimboschimenti$9401038 997 $aUNINA LEADER 01211nam2-2200385li-450 001 990000226590203316 005 20180312154913.0 010 $a0-08-032493-2 035 $a0022659 035 $aUSA010022659 035 $a(ALEPH)000022659USA01 035 $a0022659 100 $a2001993061986-------y0itay0103----ba 101 0 $aeng 102 $aGB 200 1 $aRadicals in organic synthesis$eformation of carbon-carbon bonds$fBernd Giese 210 $aOxford [etc.]$cPergamon Press$dcopyr. 1986 215 $aXII, 294 p.$cill.$d23 cm 225 2 $aOrganic Chemistry Series$v5 410 0$1001000329468$12001$aOrganic Chemistry Series$v5 610 1 $achimica organica$asintesi 676 $a5472 700 1$aGiese,$bBernd$091388 801 $aSistema bibliotecario di Ateneo dell' Università di Salerno$gRICA 912 $a990000226590203316 951 $a547 OCS (5)$b14905/CBS$c547$d00219112 959 $aBK 969 $aSCI 979 $c19930603 979 $c20001110$lUSA01$h1714 979 $c20020403$lUSA01$h1631 979 $aPATRY$b90$c20040406$lUSA01$h1616 979 $aRSIAV6$b90$c20090714$lUSA01$h1109 996 $aRadicals in organic synthesis$9396847 997 $aUNISA